000 01122cam a2200325 a 4500
001 17449476
003 EG-ScBUE
005 20250617105254.0
008 120831s2012 enkadk f d f001 0 eng d
020 _a9781107018570 (hardback)
040 _aDLC
_beng
_erda
_cDLC
_dDLC
_dEG-ScBUE
082 0 4 _a539.2
_222
_bLEW
100 1 _aLewis, R. A.
_q(Roger Adrian),
_d1957-
_eauthor.
_937006
245 1 0 _aTerahertz physics /
_cR. A. Lewis, University of Wollongong, Australia.
264 1 _aCambridge, United Kingdom :
_bCambridge University Press,
_c2012.
300 _axix, 275 pages :
_bcharts, forms, tables ;
_c26 cm
336 _2rdacontent
_atext
_btxt
337 _aunmediated
_2rdamedia
_bn
338 _avolume
_bnc
_2rdacarrier
500 _aIncludes index.
500 _aIncludes glossary.
500 _aIncludes appendixes.
650 7 _aSubmillimeter waves.
_2BUEsh
_937007
650 7 _aElectromagnetic waves.
_2BUEsh
_937008
650 7 _aPhysics.
_2BUEsh
_94340
650 7 _aTerahertz spectroscopy.
_2BUEsh
_937009
653 _bENGELC
_cDecember2014
655 _vReading book
_934232
942 _2ddc
_cBB
999 _c18808
_d18780